| 000 | 00965nam a22003257a 4500 | ||
|---|---|---|---|
| 999 |
_c28288 _d28259 |
||
| 003 | EG-ScBUE | ||
| 005 | 20200308135554.0 | ||
| 008 | 200219t1994 ohua f d 001 0 eng d | ||
| 020 | _a9780028007977 | ||
| 020 | _a0028007972 | ||
| 040 |
_aEG-ScBUE _beng _erda _cEG-ScBUE _dEG-ScBUE |
||
| 082 | 0 | 4 |
_a621.381 _bGRO _222 |
| 100 | 1 |
_aGrob, Bernard, _eauthor. |
|
| 245 | 1 | 0 |
_aGrob basic electronics / _cBernard Grob. |
| 250 | _aSeventh edition. | ||
| 264 | 1 |
_aWesterville, OH : _bMacmillan/McGraw-Hill : _bGlencoe, _c[1994] |
|
| 264 | 4 | _cc1994 | |
| 300 |
_axi, 930 pages : _billustrations ; _c30 cm |
||
| 336 |
_2rdacontent _atext _btxt |
||
| 337 |
_2rdamedia _aunmediated _bn |
||
| 338 |
_2rdacarrier _avolume _bnc |
||
| 500 | _aIncludes glossary. | ||
| 500 | _aIncludes index. | ||
| 500 | _aIncludes appendices. | ||
| 650 | 7 |
_aElectronics. _2BUEsh |
|
| 653 |
_bGGEN _cMarch2020 |
||
| 655 |
_vReading book _934232 |
||
| 942 |
_2ddc _cBB |
||